| 000 | 00542nam a2200229Ia 4500 | ||
|---|---|---|---|
| 003 | OSt | ||
| 005 | 20220924143225.0 | ||
| 006 | a|||||r|||| 00| 0 | ||
| 007 | ta | ||
| 008 | 220923b |||||||| |||| 00| 0 ori d | ||
| 024 | _a307314 | ||
| 037 | _cTextual | ||
| 040 |
_aARTS _cARTS _bORI |
||
| 041 |
_2ORI _aORI |
||
| 082 | _aV2, 1591L5 | ||
| 100 |
_aKar GokulChand _9215119 |
||
| 245 | 0 | _aLaxmibai | |
| 260 | _c1975 | ||
| 650 | _aHISTORY | ||
| 942 |
_hV2, 1591L5 _cTEXL _2CC |
||
| 999 |
_c453678 _d453678 |
||